LEADER 00916nam0-22003131i-450 001 990006236670403321 005 20230901113537.0 035 $a000623667 100 $a19980601d1974----km-y0itay50------ba 101 0 $aita 102 $aIT 105 $a--------001yy 200 1 $aPopulus Romanus Quirites$fPierangelo Catalano. 210 $aTorino$cGiappichelli$d1974 215 $a175 p.$d24 cm 225 1 $aUniversità di Torino. Memorie dell'Istituto Giuridico$iSerie II. Memoria$v156 610 0 $aCittadinanza romana 676 $a340.54 700 1$aCatalano,$bPierangelo$0235933 801 0$aIT$bUNINA$gREICAT$2UNIMARC 901 $aBK 912 $a990006236670403321 952 $aUNIV. 17 (156)$b102785$fFGBC 952 $aDDR-DeMartino-Cata-002$fDDR 952 $aDFT C30 CATP 01$b2021/185$fFGBC 959 $aFGBC 959 $aDDR 996 $aPopulus Romanus Quirites$9636638 997 $aUNINA